Anatomía Humana (Registro nro. 6463)
[ vista simple ]
| 000 -Cabecera | |
|---|---|
| Campo de control de longitud fija | 01754atm a2200493 4500 |
| 005 - Fecha y hora de la última transacción | |
| Campo de control | 20241016174339.0 |
| 008 - Elementos de longitud fija--Información general | |
| Campo de control de longitud fija | 150723b2006 ag ||||| |||| 00| 0 spa d |
| 020 ## - International Standard Book Number | |
| Número Internacional Estándar del Libro (ISBN) | 9500613689 |
| 041 ## - Idioma | |
| Código de idioma | Español |
| 082 ## - Clasificación Decimal Dewey | |
| Número de clasificación | 611 L351a4 |
| 100 ## - Entrada principal--Autor personal | |
| Nombre personal | Latarjet, Michel |
| 9 (RLIN) | 38111 |
| 100 ## - Entrada principal--Autor personal | |
| Nombre personal | Ruiz Liard, Alfredo |
| 9 (RLIN) | 38112 |
| 245 ## - Título propiamente dicho | |
| Título | Anatomía Humana |
| 250 ## - Edición | |
| Mención de edición | 4 edición |
| 260 ## - Pie de imprenta | |
| Lugar de publicación, distribución, etc. | Argentina |
| 260 ## - Pie de imprenta | |
| Nombre del editor, distribuidor, etc. | Editorial Médica Panamericana |
| 260 ## - Pie de imprenta | |
| Fecha de publicación, distribución, etc. | 2006 |
| 300 ## - Descripción física | |
| Extensión | 1746 páginas |
| 300 ## - Descripción física | |
| Otras características físicas | Ilustraciones a color |
| 300 ## - Descripción física | |
| Material acompañante | Disco compacto N°516 |
| 505 ## - Nota de contenido | |
| Nota de contenido | Tomo 1: Generalidades concernientes al esquelo, articulaciones y músculos. Columna vertebral. Esqueleto del cráneo y de la cara. Articulaicones de la cabez. Sistema nervioso. Órganos de los sentidos. MIembro superior. Miembro inferior. |
| 505 ## - Nota de contenido | |
| Nota de contenido | Tomo 2: Caja torácica. Sistema cardiovascular. Arterias de la gran circulación. Sistema linfático. Sistema respiratorio. Sistema digestivo supradiafragmático. Sistema urinario. Sistema genital. Glándulas endocrinas. |
| 650 ## - Materia general | |
| Temática (materia general) | ANATOMÍA HUMANA |
| 650 ## - Materia general | |
| Temática (materia general) | SISTEMA ESQUELETICO |
| 650 ## - Materia general | |
| Temática (materia general) | MIOLOGÍA |
| 650 ## - Materia general | |
| Temática (materia general) | HUESOS DE LA CARA |
| 650 ## - Materia general | |
| Temática (materia general) | ANATOMÍA DE LA CABEZA |
| 650 ## - Materia general | |
| Temática (materia general) | ARTICULACIONES DE LA CABEZA |
| 650 ## - Materia general | |
| Temática (materia general) | NERVIOS CRANEALES |
| 650 ## - Materia general | |
| Temática (materia general) | SISTEMA NERVIOSO |
| 650 ## - Materia general | |
| Temática (materia general) | ÓRGANOS DE LOS SENTIDOS |
| 650 ## - Materia general | |
| Temática (materia general) | MIEMBRO SUPERIOR |
| 650 ## - Materia general | |
| Temática (materia general) | MIEMBRO INFERIOR |
| 650 ## - Materia general | |
| Temática (materia general) | CAJA TORÁCICA |
| 650 ## - Materia general | |
| Temática (materia general) | SISTEMA CARDIOVASCULAR |
| 650 ## - Materia general | |
| Temática (materia general) | VASOS SANGUÍNEOS |
| 650 ## - Materia general | |
| Temática (materia general) | SISTEMA LINFÁTICO |
| 650 ## - Materia general | |
| Temática (materia general) | SISTEMA RESPIRATORIO |
| 650 ## - Materia general | |
| Temática (materia general) | SISTEMA DIGESTIVO |
| 650 ## - Materia general | |
| Temática (materia general) | SISTEMA URINARIO |
| 650 ## - Materia general | |
| Temática (materia general) | GLÁNDULAS ENDOCRINAS |
| 942 ## - Punto de acceso adicional KOHA | |
| Tipo de ítem KOHA | Libro |
| Fuente del sistema de clasificación o colocación | Dewey Decimal Classification |
| Signatura completa | Código de barras | Programa Académico | Tipo de ítem |
|---|---|---|---|
| 611 L351a4 | 11703 | Mecánica Dental | Libro |
| 611 L351a4 | 14329 | Mecánica Dental | Libro |
| 611 L351a4 | 14330 | Mecánica Dental | Libro |
| 611 L351a4 | 14331 | Mecánica Dental | Libro |
| 611 L351a4 | 14332 | Mecánica Dental | Libro |
| 611 L351a4 | 16638 | Mecánica Dental | Libro |
| 611 L351a4 | 16640 | Mecánica Dental | Libro |
| 611 L351a4 | 516ADC | Mecánica Dental | Disco Compacto |
| 611 L351a4 | 516BDC | Mecánica Dental | Disco Compacto |
| 611 L351a4 | 516CDC | Mecánica Dental | Disco Compacto |